History Quiz

Random History or Europe Quiz

A short history of the middle ages? Quiz Stats

Quiz not verified by Sporcle

Challenge
Share
Tweet
Embed
Score 0/131 Timer 20:00
0 Plays Today
% Correct
1066
58.6%
800
57.9%
1215
56.4%
768 - 814
52.6%
1337 - 1453
52.6%
476
48.9%
1348
48.9%
1455 - 1487
46.6%
1453
44.4%
1096 - 1099
43.6%
1492
42.9%
306 - 337
42.1%
1492
42.1%
325
41.4%
1452 - 1519
41.4%
570-632
40.6%
1099 - 1291
40.6%
410
39.1%
843
38.3%
1215
37.6%
1152 - 1190
36.1%
212
35.3%
622
35.3%
1075 - 1122
35.3%
1154 - 1189
35.3%
1429
35.3%
732
34.6%
453
33.1%
1086
33.1%
1198 - 1216
33.1%
1381
32.3%
1147 - 1149
31.6%
1492
31.6%
284 - 305
30.1%
313
30.1%
527 - 565
30.1%
1122
30.1%
1315 - 1322
30.1%
1187
29.3%
378
28.6%
814 - 840
28.6%
1309 - 1378
28.6%
1000
27.8%
1370 - 1415
27.8%
% Correct
1073 - 1085
27.1%
1170
27.1%
235 - 284
26.3%
624
26.3%
871 - 899
26.3%
955
26.3%
1378 - 1417
26.3%
790 - 900
25.6%
1081 - 1118
25.6%
1204
25.6%
661-750
24.8%
870 - 1025
24.8%
962
24.8%
1192 - 1250
24.8%
1225 - 1274
24.8%
1358
24.8%
391
24.1%
597
24.1%
661
24.1%
750
24.1%
790 - 950
24.1%
1072
24.1%
1085
24.1%
1340 - 1400
23.3%
1414 - 1417
23.3%
664
22.6%
787
22.6%
790 - 1050
22.6%
1031
22.6%
1302
22.6%
540
21.8%
751
21.8%
1025
21.8%
1049 - 1054
21.8%
1142
21.8%
1330 - 1384
21.8%
1351
21.8%
590-604
21.1%
633
21.1%
726 - 787
21.1%
714 - 741
21.1%
1214
21.1%
1226 - 1270
21.1%
607-630
20.3%
% Correct
711 - 715
20.3%
1140
20.3%
1212
20.3%
1279
20.3%
1290
20.3%
1302
20.3%
1390 - 1441
20.3%
1204
19.5%
1321
19.5%
1304 - 1374
19.5%
1378
19.5%
587
18.8%
754
18.8%
762
18.8%
863
18.8%
1171
18.8%
756
18%
989
18%
1109
18%
1153
18%
1230 - 1240
18%
590
17.3%
815 - 843
17.3%
980 - 1037
16.5%
991
16.5%
1226
16.5%
1265
16.5%
1176
15.8%
1273
14.3%
756
13.5%
988
13.5%
1188
13.5%
1284
13.5%
1438
13.5%
909
12.8%
1094
12.8%
1222
12.8%
860
12%
1182
12%
1306
10.5%
1097
9.8%
681
8.3%
929
8.3%

You're not logged in!

Compare scores with friends on all Sporcle quizzes.
Join for Free
OR
Log In

You Might Also Like...

Show Comments

Extras

Top Quizzes Today


Score Distribution

Your Account Isn't Verified!

In order to create a playlist on Sporcle, you need to verify the email address you used during registration. Go to your Sporcle Settings to finish the process.

Report this User

Report this user for behavior that violates our Community Guidelines.

Details: